00462cam a2200169ua 45000010005000000080039000050400009000440820012000531000036000652450055001012500017001562600035001733000009002086530022002176530022002396530031002612524110912n ii |||gr||||Z||||||asm cMAIN a491.451 aGoswami, Upendranath.,eAuthor.11aAsamiya bhashar rupa-kathacby Upendranath Goswami a2nd rev. ed. aGuwahati:bD.B. prakashan,984. a99p. aAssamese Language aAssamese language aAsamiya bhashar rupa-katha